| 000 | 03062nam0a2200397 4500 | ||
|---|---|---|---|
| 001 | RU\NLR\BIBL_A\012829729 | ||
| 005 | 20221110153545.0 | ||
| 010 |
_a978-5-502-01499-1 _9100 |
||
| 021 |
_aRU _bКН-П-22-018710 _9КН-П-22-1604 |
||
| 035 | _a(NLR Aleph) 012829729 | ||
| 035 | _a(RuMoRGB)011018751 | ||
| 090 |
_a12353372 _c12353372 |
||
| 100 | _a20220627d2021 u y0rusy50 ca | ||
| 101 | 0 | _arus | |
| 102 | _aRU | ||
| 105 | _aa j 000zy | ||
| 181 | 0 |
_ai3 _baxxe |
|
| 182 | 0 | _an | |
| 200 | 1 |
_aАнализ физических явлений на примерах решения задач по атомной и ядерной физике _eучебное пособие для студентов всех направлений и специальностей ИЯЭиТФ _fА. А. Басов, И. Ю. Ляхов, А. Н. Яшина _gМинистерство науки и высшего образования Российской Федерации, Федеральное государственное бюджетное образовательное учреждение высшего образования "Нижегородский государственный технический университет им. Р. Е. Алексеева" |
|
| 203 |
_aТекст _bвизуальный _cнепосредственный |
||
| 210 |
_aНижний Новгород _cНижегородский государственный технический университет им. Р. Е. Алексеева _d2021 |
||
| 215 |
_a126 с. _cил., табл. _d20 |
||
| 320 | _aБиблиогр.: с. 117 (8 назв.) | ||
| 330 | _aПриведены примеры решения задач по атомной и ядерной физике с подробными объяснениями. Даны задания для самостоятельной работы. Предназначено для студентов высших учебных заведений по направлениям: <Тепловые электрические станции>, <Атомные электрические станции и установки>, <Ядерные реакторы и энергетические установки> | ||
| 606 | 1 |
_aАтомная физика _xЗадачи _xРешение _jУчебные издания для высших учебных заведений _2nlr_sh1 _2nlr_sh2 _3RU\NLR\AUTH\661309032 |
|
| 606 | 1 |
_aЯдерная физика _xЗадачи _xРешение _jУчебные издания для высших учебных заведений _2nlr_sh1 _2nlr_sh2 _3RU\NLR\AUTH\661301649 |
|
| 675 |
_a539.17(075.8) _v4 |
||
| 686 | 1 | _aВ36я73-41 | |
| 686 | 1 | _aВ38я73-41 | |
| 700 | 1 |
_aБасов _bА. А. _gАнатолий Аркадьевич |
|
| 701 | 1 |
_aЛяхов _bИ. Ю. _gИгорь Юрьевич |
|
| 701 | 1 |
_aЯшина _bА. Н. _gАлла Николаевна |
|
| 942 | _cBOOK | ||
| 980 | _aNB | ||